000 00270nam a2200109Ia 4500
001 588784
005 20250717120837.0
008 250717s9999 xx 000 0 und d
245 0 _aV-13 ASKER SAİME
_cİSMAİL BİLGİN
260 _bTİMAŞ YAYINLARI
_c2018
300 _b96
999 _c588784
_d588784